| 000 | 00935nam a2200265 i 4500 | ||
|---|---|---|---|
| 001 | 170004 | ||
| 003 | ES-MaACL | ||
| 005 | 20250708022730.0 | ||
| 008 | 090112s1991 fr |||| | fre d | ||
| 080 | _a78(44)"19" | ||
| 245 | 0 | 0 |
_a20 ans de succès _b: 1940-1960 : collection de 110 succès. |
| 246 | 1 | 8 |
_aVingt ans de succès _b: 1940 à 1960 |
| 260 |
_aParis : _bPaul Beuscher, _c[1991?] |
||
| 300 |
_a237 p. : _bmús. ; _c29 cm. |
||
| 490 | 1 |
_aCollection 110 succès de 1900 a 1990 ; _v2 |
|
| 500 | _aContiene música impresa. | ||
| 500 | _aÍndices. | ||
| 596 | _aEn cub.: Editions et Instruments. | ||
| 650 | 4 |
_aMúsica- _zFrancia. _915390 |
|
| 650 | 0 | 4 |
_aCanciones- _vPartituras. _910721 |
| 650 | 0 | 4 |
_aCanciones francesas- _yS.XX _910729 |
| 830 | 0 |
_aCollection 110 succès de 1900 a 1990 ; _v2 _9188913 |
|
| 852 | 4 |
_aES-MaACL _jE-12369 _9R.140578 _z.- Biblioteca Jacinto Martínez Lacalle |
|
| 999 |
_c170004 _d170004 |
||